Psicología de los constructos personales : textos escogidos /
Đã lưu trong:
| Tác giả chính: | |
|---|---|
| Tác giả khác: | , |
| Định dạng: | Sách |
| Ngôn ngữ: | Tiếng Tây Ban Nha |
| Được phát hành: |
Barcelona, España :
Paidós,
2001, c2001
|
| Loạt: | (Psicología, Psiquiatría, Psicoterapia ;
205) |
| Những chủ đề: | |
| Các nhãn: |
Không có thẻ, Là người đầu tiên thẻ bản ghi này!
|
MARC
| LEADER | 00000nam^a2200000^a^4500 | ||
|---|---|---|---|
| 001 | 000136210 | ||
| 005 | 20250521000000.0 | ||
| 009 | 20260310095311.785 | ||
| 020 | |a 84-493-1124-1 | ||
| 037 | |a Acervo ITESO - Biblioteca | ||
| 041 | |a ESP | ||
| 082 | |a 616. 8914 |b KEL | ||
| 100 | |a Kelly, George A. |e (autor) | ||
| 240 | 1 | 1 | |a [Psicología de los constructos personales: textos escogidos] |
| 245 | 1 | 0 | |a Psicología de los constructos personales : |b textos escogidos / |c G.A. Kelly ; comp., pref. y semblanza de B.A. Maher ; ed. e introd. de G. Feixas ; tr. por Esteban Laso Ortiz. |
| 264 | 4 | |a Barcelona, España : |b Paidós, |c 2001, c2001 | |
| 300 | |a 283 p. | ||
| 336 | |a texto |b txt |2 rdacontenido | ||
| 337 | |a sin mediación |b n |2 rdamedio | ||
| 338 | |a volumen |b nc |2 rdasoporte | ||
| 440 | 1 | |a (Psicología, Psiquiatría, Psicoterapia ; |v 205) | |
| 500 | |a Traducción de: Clinical Psychology and Personality: The Selected Papers of George Kelly | ||
| 521 | |a EEnlace Departamento de Psicología, Educación y Salud 2016 | ||
| 649 | |a XX | ||
| 650 | |a Constructivismo | ||
| 650 | |a Humanismo | ||
| 650 | |a Hipótesis | ||
| 650 | |a Matemáticas | ||
| 650 | |a Pecado | ||
| 650 | |a Entrevista Psicológica | ||
| 650 | |a Relación Terapéutica | ||
| 650 | |a Suicidio | ||
| 650 | |a Conducta Antisocial | ||
| 650 | |a Trastornos de Conducta | ||
| 650 | |a Psicopatología | ||
| 650 | |a Psicoterapia | ||
| 650 | |a Psicología Clínica | ||
| 650 | |a Psicología y Religión | ||
| 650 | |a Psicología - |x Metodología | ||
| 650 | |a Psicología - |x Investigación | ||
| 700 | |a Maher, Brendan A. |e (compilación) | ||
| 700 | |a Feixas, Guillem |e (edición) | ||
| 910 | |a Fondo General | ||
| 920 | |a Impresos - Libros | ||
| 930 | |a Colección General | ||
| 905 | |a 101 | ||
| 901 | |a 0500064814 |b IT1 |c ACC |u 20250521 | ||
| 902 | |a https://opac.biblio.iteso.mx/vufind/Record/000136210 | ||